000
00215 a2200097 4500
001
37949
100
_a
Strange S
245
_a
States and markets
260
_a
G B
_b
Pinter Publishers
_c
1938
090
_c
24128
_d
24128
942
_a
NUST-CAE
_c
M
_c
15701
999
_c
273022
_d
273022